00552 a2200169 450000100060000002000180000604000220002410000190004624000730006524500680013830000070020636200090021365000230022294200070024595201130025299900170036561929 a9788575962107 cAnchieta - Pituba aBorges, Renata10aUm pequeno tratado de brinquedos para meninos quietos da cidadelpor10aUm pequeno tratado de brinquedos para meninos quietos da cidade a930 a2011 4aLiteratura juvenil cBK 00104070a91.1b91.1d2023-11-21l0oLJ 028.5 K95p KUA PEQp14262/PITr2023-11-21 18:30:13w2023-11-21yBK c61929d61929